000 00465nam a2200121Ia 4500
008 220620s9999||||xx |||||||||||||| ||und||
245 0 _aDesigns for Research, Teaching and Learning
_bA Framework for Future Education
546 _aEnglish[eng]
650 _aEducation||Educational strategies and policy
700 _aBjörklund Boistrup, Lisa||Selander, Staffan
856 _uhttps://library.oapen.org/bitstream/20.500.12657/51655/1/9781000528855.pdf
942 _cEB
999 _c29910
_d29910